000 01306 a2200385 4500
001 23882341
003 0000
005 20251017101848.0
008 241002s2025 nyu 000 0 eng
010 _a 2024947626
020 _a9780198864554
035 _a23882341
040 _aDLC
_beng
_erda
_cDLC
042 _apcc
050 _aRC 681 .R36 O94
100 _a Ramrakha Punit (Edited)
245 0 0 _aOxford handbook of cardiology /
_c Fielder Camm, Joyee Basu, Jonathan Hill.
250 _a3.
263 _a2501
264 1 _aNew York :
_bOxford University Press,
_c2025.
300 _axvi, 905p.
_bill.
336 _atext
_btxt
_2rdacontent
337 _aunmediated
_bn
_2rdamedia
338 _avolume
_bnc
_2rdacarrier
490 _aThird Edition
504 _aInclude Index
520 _a"Characterized by a gradual build-up of fatty plaques within the arterial wall, which eventually results in a significant reduction of the vessel lumen, impairing blood flow to the dis-tal tissues"--
_cProvided by publisher.
700 1 _aRamrakha, Punit,
_eeditor.
700 1 _aCamm, C. Fielder,
_eeditor.
700 1 _aBasu, Joyee,
_eeditor.
700 1 _aHill, Jonathan,
_eeditor.
906 _a0
_bibc
_corignew
_d2
_eepcn
_f20
_gy-gencatlg
942 _2lcc
_cBK
999 _c43874
_d43874